Le "Big 6" de Premier League - Click Quiz - Statistiques

Statistiques générales
  • Ce quiz a été pris 157 fois
  • Le résultat moyen est 10 sur 24
Statistiques - réponses
Hint Réponse % Correct
Club du "Big 6" ayant gagné le moins de trophées au XXIème siècle Tottenham
69%
Premier club à terminer une saison de Premier League sans la moindre défaite Arsenal
68%
Club ayant gagné le plus de fois le Championnat d'Angleterre depuis sa création Manchester United
67%
Club ayant atteint la barre des 100 points en 2017/2018 Manchester City
66%
Club dont le stade est surnommé "Le Théâtre des Rêves" Manchester United
59%
Club anglais ayant remporté le plus de fois la Ligue des Champions Liverpool
58%
Club ayant réalisé le triplé PL - Ligue des Champions - FA Cup en 1999 Manchester United
55%
Seul club anglais ayant participé au "Final 8" de la Ligue des Champions en 2020 Manchester City
48%
Seul club du Big 6 à ne jamais avoir affronté Chelsea en Ligue des Champions Tottenham
48%
Club ayant joué des matchs de Premier League à domicile à Wembley au XXIème siècle Tottenham
43%
Club recordman du nombre de titres en FA Cup Arsenal
40%
Club qui a formé Daniel Sturridge Manchester City
38%
Club ayant gagné les deux coupes nationales lors de la saison 2021/2022 Liverpool
36%
Club anglais ayant remporté le plus de fois la Supercoupe d'Europe Liverpool
36%
Club possédant le record du plus petit nombre de buts encaissés sur une saison de Premier League Chelsea
33%
Club possédant le record de la plus longue série d'invincibilité en Ligue Europa (C3) Chelsea
32%
Club recordman du nombre de titres en Community Shield Manchester United
25%
Club ayant perdu une finale de Coupe de la Ligue contre Birmingham City en 2011 Arsenal
22%
Club n'ayant plus perdu de finale de FA Cup depuis 2001 Arsenal
21%
Seul club ayant perdu 6 finales consécutives à Wembley Chelsea
21%
Seul club anglais à avoir gagné les trois Coupes d'Europe (C1, C2, C3) au moins deux fois Chelsea
21%
Club recordman du nombre de titres en Coupe de la Ligue Liverpool
21%
Club ayant perdu la finale de la FA Cup 2013 contre Wigan Manchester City
19%
Premier club anglais à gagner une Coupe d'Europe Tottenham
8%
Aucun quiz correspondant
Distribution des résultats
% des personnes avec chaque résultat
Percentile par nombre de réponses
Votre historique - résultats
Vous n’avez pas pris ce quiz